书目信息 |
| 题名: |
跟李世民学管理
|
|
| 作者: | 强卫 主编 | |
| 分册: | ||
| 出版信息: | 北京 京华出版社 2008 |
|
| 页数: | 297页 | |
| 开本: | 24cm | |
| 丛书名: | ||
| 单 册: | ||
| 中图分类: | C93-49 | |
| 科图分类: | ||
| 主题词: | 管理学--通俗读物 , 管理学 | |
| 电子资源: | ||
| ISBN: | 978-7-80724-439-4 | |
| 000 | 00938nam0 2200253 45 | |
| 001 | 1050821031 | |
| 005 | 20100415105429.03 | |
| 010 | @a978-7-80724-439-4@dCNY29.80 | |
| 100 | @a20100409d2008 em y0chiy0110 ea | |
| 101 | 0 | @achi |
| 102 | @aCN@b110000 | |
| 105 | @aa z 000yy | |
| 106 | @ar | |
| 200 | 1 | @a跟李世民学管理@AGen Li Shi Min Xue Guan Li@dLearn management from Li Shimin@f强卫主编@FQiang Wei Zhu Bian@zeng |
| 210 | @a北京@c京华出版社@d2008 | |
| 215 | @a297页@c图@d24cm | |
| 330 | @a本书共分为上、中和下三篇,内容包括,上篇为塑己——真正的人才是智商、情商、胆商均具备的人;中篇为驭人——加之以威,使之以利,晓之以理,动之以情,结之以义;下篇为控势——勇者以勇问鼎,智者用智控势等。 | |
| 510 | 1 | @aLearn management from Li Shimin@zeng |
| 606 | 0 | @a管理学@j通俗读物 |
| 606 | 0 | @a管理学 |
| 690 | @aC93-49@v4 | |
| 701 | 0 | @a强卫@AQiang Wei@4主编 |
| 801 | 0 | @aCN@bTANGWEI@c20100415 |
| 905 | @b0590834-35@dC93-49@e417@f2 | |
| 跟李世民学管理=Learn management from Li Shimin/强卫主编.-北京:京华出版社,2008 |
| 297页:图;24cm |
| ISBN 978-7-80724-439-4:CNY29.80 |
| 本书共分为上、中和下三篇,内容包括,上篇为塑己——真正的人才是智商、情商、胆商均具备的人;中篇为驭人——加之以威,使之以利,晓之以理,动之以情,结之以义;下篇为控势——勇者以勇问鼎,智者用智控势等。 |
| ● |
| 相关链接 |
|
|
|
|
正题名:跟李世民学管理
索取号:C93-49/417
 
预约/预借
| 序号 | 登录号 | 条形码 | 馆藏地/架位号 | 状态 | 备注 |
| 1 | 0590834 | 205908348 | 第一样本阅览室/ [索取号:C93-49/417] | 在馆 | |
| 2 | 0590835 | 205908357 | 第一借阅区/ [索取号:C93-49/417] | 在馆 |